• 首页
  • 本馆介绍
  • 公告通知
  • 最新文献
  • 馆藏检索
  • 电子资源
  • 读者导购
  • 参考咨询
  • 我的图书馆
  • 登录
  • 详细信息显示
  • 放入我的书架
  • 预约/预借图书
  • 作者相关作品
  • 分类相关作品
  • 丛书相关作品
  • 出版社相关作品

书目信息

  • 表格格式
  • 工作单格式
  • 卡片格式
题名:
常见机构的原理及应用
    
 
作者: 《常见机构的原理及应用》编写组编
分册:  
出版信息: 北京   机械工业出版社  1978
页数: 441页
开本: 26cm
丛书名:
单 册:
中图分类: TH112
科图分类:
主题词: 机构学
电子资源:
ISBN:
000 00578nam0 2200217 45
001 0178002209
005 20040524151051.7
010    @dCNY2.20
091    @a15033.4464
100    @a19950731d1978 em y0chiy0121 ea
101 0  @achi
102    @aCN@b110000
105    @ay z 000yy
106    @ar
200 10 @a常见机构的原理及应用@Achang jian ji gou de yuan li ji ying yong@f《常见机构的原理及应用》编写组编
210    @a北京@c机械工业出版社@d1978
215    @a441页@d26cm
606    @a机构学
690    @aTH112@v3
801  0 @aCN@bNLC@c20040524
905    @f1@b7272@dTH112@e2
    
    常见机构的原理及应用/《常见机构的原理及应用》编写组编.-北京:机械工业出版社,1978
    441页;26cm
    
    
    ISBN :CNY2.20
    
●
相关链接 在E读中查询图书 在五车中查询图书 在当当中查询图书 在豆瓣中查询图书


正题名:常见机构的原理及应用     索取号:TH112/2         预约/预借

序号 登录号 条形码 馆藏地/架位号 状态 备注
1 0007272   001363857   第三借阅区/ [索取号:TH112/2] 在馆    
2 0007273   001363893   第二样本阅览室/ [索取号:TH112/2] 在馆    
唐山师范学院图书馆 欢迎您!
大连网信软件有限公司© 版权所有